| 000 | 00464nam a22001817a 4500 | ||
|---|---|---|---|
| 003 | OSt | ||
| 005 | 20260308170352.0 | ||
| 008 | 260308b |||||||| |||| 00| 0 eng d | ||
| 020 | _a9781529375992 | ||
| 082 |
_a006.301 _bKISA |
||
| 100 | _aKissinger, Henry; Schmidt, Eric & Huttenlocher, Daniel | ||
| 245 | _aAge of AI | ||
| 260 |
_aUk _bHachette Book Publishing _c2022 |
||
| 300 | _a266p | ||
| 546 | _aEnglish | ||
| 650 | _aComputer Science | ||
| 942 |
_2ddc _cBK |
||
| 999 |
_c3955 _d3955 |
||